[Event "AUTO-ELITE-2247"]
[Site "http://www.queenalice.com/game.php?id=1618510"]
[Date "2020.6.29"]
[Round "1"]
[White "capaputi"]
[Black "PauloRPFonseca"]
[Result "0-1"]
[WhiteElo "2211"]
[BlackElo "2355"]

1. d4 Nf6 2. c4 g6 3. Nc3 d5 4. Bg5 Bg7 5. e3 c5 6. Bxf6 Bxf6 7. Nxd5 Bg7 8. Nf3
cxd4 9. exd4 Nc6 10. Be2 O-O 11. O-O Bg4 12. Re1 Bxf3 13. Bxf3 e6 14. Nc3 Nxd4
15. Rb1 Qc7 16. Nb5 Nxf3+ 17. Qxf3 Qxc4 18. Nd6 Qxa2 19. b3 Rad8 20. Rbd1 Qa3
21. Nxb7 Rd4 22. Rxd4 Bxd4 23. h4 Rc8 24. Rd1 Qb4 25. h5 Rc7 26. Nd8 Qd6 27. Nb7
Qb6 28. Na5 Rd7 29. Nc4 Bxf2+ 30. Kf1 Rxd1+ 31. Qxd1 Qd4 32. Qf3 Bh4 33. g3 Be7
34. Kg2 Bc5 35. g4 a5 36. h6 Bf8 37. g5 a4 38. Kh3 a3 39. Qa8 Qc3+ 40. Kg4 Qxb3
41. Ne5 a2 42. Qa7 Qb4+ 43. Kf3 Qa3+ 0-1

[Event "AUTO-ELITE-2304"]
[Site "http://www.queenalice.com/game.php?id=1640845"]
[Date "2021.1.21"]
[Round "1"]
[White "RaulSoft"]
[Black "PauloRPFonseca"]
[Result "0-1"]
[WhiteElo "2720"]
[BlackElo "2371"]

1. d4 Nf6 2. c4 g6 3. Nc3 d5 4. cxd5 Nxd5 5. e4 Nxc3 6. bxc3 Bg7 7. Bc4 O-O 8.
Ne2 Nc6 9. Be3 e5 10. O-O Na5 11. Bd3 b6 12. Qd2 c5 13. Bg5 Qd7 14. Bh6 exd4 15.
Bxg7 Kxg7 16. cxd4 cxd4 17. f4 Nc6 18. e5 Qd5 19. Ng3 Rb8 20. Rac1 Qa5 21. Qf2
Qa3 22. Be4 Ne7 23. Qxd4 Be6 24. f5 Rbd8 25. Qf2 Bxf5 26. Nxf5+ Nxf5 27. Bxf5
gxf5 28. Qxf5 Qe7 29. Rc3 Qe6 30. Qf6+ Qxf6 31. exf6+ Kh8 32. Rc7 a5 33. Rb7 Rb8
34. Re7 Rbc8 35. Rb7 Rb8 36. Ra7 Ra8 37. Re7 Rad8 38. Rb7 Rb8 39. Ra7 Ra8 40.
Re7 Rad8 41. Rfe1 Kg8 42. h4 Rd6 43. Rf1 Rfd8 44. Rf3 Kf8 45. Rc7 Re8 46. Kh2
Ree6 47. Rc8+ Re8 48. Rxe8+ Kxe8 49. g4 Kd7 50. g5 Ke6 51. Kg3 Rd4 52. h5 Rd5
53. Kg4 Rd4+ 54. Kh3 Rd5 55. Kg4 Rd4+ 56. Kh3 Rd5 57. Kh4 Rd4+ 58. Kg3 Rd5 59.
Kf4 Rf5+ 60. Kg4 Rxf3 61. Kxf3 Kf5 62. g6 hxg6 63. hxg6 Kxg6 64. a4 Kxf6 65. Ke4
Ke6 66. Kd4 f5 67. Kc4 f4 68. Kd4 Kf5 69. Kd3 f3 70. Ke3 Kg4 71. Kf2 Kf4 72. Kf1
Ke3 73. Ke1 b5 74. axb5 f2+ 75. Kf1 a4 76. b6 a3 77. b7 a2 78. b8=Q a1=Q+ 0-1

[Event "AUTO-ELITE-2304"]
[Site "http://www.queenalice.com/game.php?id=1640846"]
[Date "2021.1.21"]
[Round "1"]
[White "PauloRPFonseca"]
[Black "RaulSoft"]
[Result "1/2-1/2"]
[WhiteElo "2362"]
[BlackElo "2662"]

1. c4 e5 2. Nc3 Nf6 3. Nf3 Nc6 4. e3 d5 5. cxd5 Nxd5 6. Bb5 Nxc3 7. bxc3 Bd6 8.
d4 e4 9. Nd2 Qg5 10. Bf1 Qg6 11. Qc2 Bf5 12. Rb1 O-O 13. Rxb7 Rfe8 14. Qa4 Ne7
15. Ba3 h5 16. g3 Nd5 17. Bxd6 cxd6 18. Qa5 Nb6 19. Bb5 Rec8 20. O-O Bh3 21. Rb1
d5 22. a4 Qd6 23. Rb3 Rc7 24. Rxc7 Qxc7 25. Be2 g6 26. Rb5 Qc6 27. Nb3 Kg7 28.
Nc5 h4 29. Rb1 hxg3 30. hxg3 g5 31. g4 Qh6 32. Nxe4 Qh7 33. Nd2 Rh8 34. Rxb6 Bg2
35. Rg6+ Qxg6 36. Qc7 Qh6 37. Qe5+ f6 38. Qc7+ Kg6 39. f3 Qh1+ 40. Kf2 Qh4+ 41.
Qg3 Qxg3+ 42. Kxg3 Rb8 43. Bb5 a6 44. Bxa6 Rb2 45. Kxg2 Kg7 46. f4 Rxd2+ 47. Kf3
gxf4 48. Bb7 fxe3 49. Kxe3 Ra2 50. Bxd5 Rxa4 51. Ke4 Kf8 52. c4 Ke7 53. Kf5 Ra3
54. Be4 Rc3 55. Bd5 Rd3 56. Ke4 Rg3 57. Kf4 Rg1 58. Bf3 1/2-1/2

[Event "AUTO-ELITE-2304"]
[Site "http://www.queenalice.com/game.php?id=1640851"]
[Date "2021.1.21"]
[Round "1"]
[White "Matt24"]
[Black "PauloRPFonseca"]
[Result "1-0"]
[WhiteElo "2658"]
[BlackElo "2374"]

1. d4 Nf6 2. c4 g6 3. Nf3 d5 4. cxd5 Bg7 5. Qa4+ c6 6. dxc6 Nxc6 7. Nc3 Bf5 8.
e3 O-O 9. Bb5 Rc8 10. O-O a6 11. Be2 Qd6 12. Rd1 Rfd8 13. Bd2 Ra8 14. Be1 b5 15.
Qb3 Rac8 16. Ng5 e6 17. a3 Bh6 18. h4 Bf8 19. Bf3 Na5 20. Qa2 Qb6 21. Nge4 Nxe4
22. Nxe4 Bxe4 23. Bxe4 Nc4 24. Bd3 Qd6 25. a4 Qe7 26. b3 Na3 27. Qb2 b4 28. h5
a5 29. hxg6 hxg6 30. f4 Bg7 31. Rac1 Rxc1 32. Rxc1 e5 33. fxe5 Bxe5 34. Bf2 Bg3
35. Rc5 Re8 36. e4 Qh4 37. Bxg3 1-0

[Event "AUTO-ELITE-2304"]
[Site "http://www.queenalice.com/game.php?id=1640852"]
[Date "2021.1.21"]
[Round "1"]
[White "PauloRPFonseca"]
[Black "Matt24"]
[Result "0-1"]
[WhiteElo "2378"]
[BlackElo "2656"]

1. c4 e5 2. Nc3 Nf6 3. Nf3 Nc6 4. g3 d5 5. cxd5 Nxd5 6. Bg2 Nb6 7. O-O Be7 8. d3
Be6 9. Be3 O-O 10. Rc1 f5 11. b4 a6 12. Bc5 Nd7 13. Bxe7 Qxe7 14. a3 Nb6 15. Nd2
Nd8 16. e4 a5 17. Nf3 axb4 18. axb4 Nf7 19. exf5 Bxf5 20. Nh4 Bc8 21. b5 Ng5 22.
Qh5 Nh3+ 23. Bxh3 Bxh3 24. Ng6 Qf7 25. Ne7+ Qxe7 26. Qxh3 Rf3 27. Qg4 Rxd3 28.
Qe4 Rad8 29. Qxb7 Qf7 30. Rfd1 R3d4 31. Qe4 Qe6 32. Qe2 h6 33. Rxd4 Rxd4 34. Rd1
Qd6 35. h4 Qd7 36. Re1 Nd5 0-1

[Event "AUTO-ELITE-2330"]
[Site "http://www.queenalice.com/game.php?id=1758135"]
[Date "2021.4.30"]
[Round "1"]
[White "PauloRPFonseca"]
[Black "mascarade"]
[Result "0-1"]
[WhiteElo "2382"]
[BlackElo "2376"]

1. c4 c5 2. Nc3 Nc6 3. Nf3 Nf6 4. g3 e5 5. Bg2 d6 6. O-O Be7 7. b3 O-O 8. Bb2 a6
9. e3 d5 10. cxd5 e4 11. dxc6 exf3 12. Bxf3 bxc6 13. Na4 Bh3 14. Re1 Nd5 15. Qc2
Qd6 16. Ba3 Qf6 17. Bh1 Rad8 18. Nxc5 Rfe8 19. Ne4 Qf5 20. Bxe7 Rxe7 21. Rec1 h5
22. Nc5 Qf6 23. Qc4 Nc7 24. Ne4 Qg6 25. Qxc6 Ne6 26. d4 Rc7 27. Qa4 Rcd7 28. Rc6
Qh7 29. Rxa6 Bf5 30. d5 h4 31. Qxd7 hxg3 32. Qxd8+ Nxd8 33. Nxg3 g6 0-1

[Event "AUTO-ELITE-2330"]
[Site "http://www.queenalice.com/game.php?id=1758136"]
[Date "2021.4.30"]
[Round "1"]
[White "mascarade"]
[Black "PauloRPFonseca"]
[Result "0-1"]
[WhiteElo "2341"]
[BlackElo "2371"]

1. b3 e5 2. e4 Nf6 3. Nc3 Nc6 4. Bb2 Bc5 5. Nf3 O-O 6. Na4 Nxe4 7. Nxc5 Nxc5 8.
d4 exd4 9. Nxd4 Qg5 10. Qd2 Re8+ 11. Be2 Qxg2 12. O-O-O Ne4 13. Qf4 Qg5 14. Qxg5
Nxg5 15. Bc4 Nxd4 16. Rxd4 d6 17. h4 Ne6 18. Rg4 h5 19. Rg3 g6 20. Rhg1 Rb8 21.
a4 c6 22. f4 b5 23. axb5 cxb5 24. Bd5 Kf8 25. f5 Nf4 26. fxg6 Nxd5 27. gxf7 Re7
28. Rg6 b4 29. Rxd6 Nc3 30. Bxc3 bxc3 31. Rd8+ Kxf7 0-1

[Event "AUTO-ELITE-2330"]
[Site "http://www.queenalice.com/game.php?id=1758137"]
[Date "2021.4.30"]
[Round "1"]
[White "PauloRPFonseca"]
[Black "pt58"]
[Result "1/2-1/2"]
[WhiteElo "2370"]
[BlackElo "2627"]

1. c4 g6 2. d4 Nf6 3. Nc3 Bg7 4. e4 d6 5. Rb1 O-O 6. Nf3 c5 7. Be2 Nc6 8. d5 Nd4
9. O-O e5 10. dxe6 Nxe6 11. Re1 b6 12. Bf1 Bb7 13. Nd5 Re8 14. Bd3 Ng4 15. h3
Ne5 16. b3 Nxf3+ 17. Qxf3 Nd4 18. Qd1 Bxd5 19. exd5 Rxe1+ 20. Qxe1 a5 21. Be3
Be5 22. Qd2 f5 23. Re1 Qd7 24. Kf1 a4 25. b4 Qf7 26. f4 Bf6 27. Bf2 a3 28. Kg1
Nb3 29. Qd1 Nd4 30. b5 Ra7 31. Kf1 Re7 32. g4 fxg4 33. hxg4 g5 34. Rxe7 Bxe7 35.
f5 Bf6 36. Kg2 Kg7 37. Bg3 Qe7 38. Qe1 Kf7 39. Qxe7+ Kxe7 40. Be1 h6 41. Kg3
Be5+ 42. Kg2 Ke8 1/2-1/2

[Event "AUTO-ELITE-2330"]
[Site "http://www.queenalice.com/game.php?id=1758138"]
[Date "2021.4.30"]
[Round "1"]
[White "pt58"]
[Black "PauloRPFonseca"]
[Result "1-0"]
[WhiteElo "2654"]
[BlackElo "2393"]

1. e4 c6 2. d4 d5 3. Nd2 dxe4 4. Nxe4 Bf5 5. Ng3 Bg6 6. Nf3 e6 7. h4 h6 8. Ne5
Bh7 9. Bd3 Bxd3 10. Qxd3 Nd7 11. Qe2 Ngf6 12. Bd2 Be7 13. O-O-O Qc7 14. f4 O-O
15. Kb1 a5 16. Nf1 h5 17. Nh2 c5 18. g4 cxd4 19. gxh5 Rfc8 20. Bc1 a4 21. h6 a3
22. Qg2 Nh5 23. b3 Nxe5 24. fxe5 Qxe5 25. Ng4 Qg3 26. Qe2 Nf6 27. Rhg1 d3 28.
Qxd3 Qxd3 29. Rxd3 Rd8 30. Rxd8+ Bxd8 31. c4 Nxg4 32. Rxg4 g6 33. Kc2 Rc8 34.
Kd3 Rc7 35. b4 Kh7 36. c5 b6 37. Rc4 bxc5 38. bxc5 Be7 39. c6 Bd6 40. Bg5 Be5
41. Ke4 f6 42. Be3 Bd6 43. Kd4 Rc8 44. Bc1 Rc7 45. Bd2 Rc8 46. Bc1 Rc7 47. Kc3
Rc8 48. Kd3 1-0

[Event "AUTO-ELITE-2427"]
[Site "http://www.queenalice.com/game.php?id=1794185"]
[Date "2022.8.13"]
[Round "1"]
[White "trompmaster"]
[Black "PauloRPFonseca"]
[Result "0-1"]
[WhiteElo "2458"]
[BlackElo "2403"]

1. Nf3 d5 2. d4 Nc6 3. g3 Nf6 4. Nc3 Bf5 5. Bg2 Nb4 6. O-O Bxc2 7. Qd2 Bg6 8.
Ne5 e6 9. a3 Nc6 10. Nxg6 hxg6 11. Qd3 Qd7 12. Rd1 Ne7 13. Bd2 c6 14. b4 Nf5 15.
Rab1 Be7 16. Bf3 O-O 17. a4 Qc7 18. a5 Rfc8 19. Bf4 Qd8 20. Rb3 b6 21. Rc1 bxa5
22. bxa5 Qxa5 23. Kg2 c5 24. dxc5 Rxc5 25. Rb5 Rxb5 26. Nxb5 Qa4 27. e3 a5 28.
h4 Qb4 29. Nc7 Rf8 30. Rb1 Qa4 31. Qb5 Qc2 32. Rb2 Nxe3+ 33. Bxe3 Qxc7 34. Bb6
Qe5 35. Bxa5 Bd6 36. Re2 Qf5 37. Qc6 Be5 38. Qc2 Bd4 39. Bb4 Re8 40. Qc6 Rb8 41.
Qd6 Rb5 42. Ra2 Kh7 43. Qd8 Bb6 44. Qc8 Rxb4 45. Ra8 g5 46. Qh8+ Kg6 47. h5+
Nxh5 48. Qxh5+ Kf6 49. Rf8 Ke7 50. g4 Qf4 51. Qh8 Rb2 52. Re8+ Kd7 53. Rc8 Rxf2+
0-1

[Event "AUTO-ELITE-2427"]
[Site "http://www.queenalice.com/game.php?id=1794186"]
[Date "2022.8.13"]
[Round "1"]
[White "PauloRPFonseca"]
[Black "trompmaster"]
[Result "1-0"]
[WhiteElo "2389"]
[BlackElo "2533"]

1. c4 d6 2. d4 e5 3. Nf3 Nd7 4. Nc3 g6 5. e4 Bg7 6. Bg5 f6 7. Be3 Nh6 8. dxe5
Nxe5 9. Nxe5 fxe5 10. c5 Ng4 11. Qb3 Nxe3 12. fxe3 Rf8 13. O-O-O a6 14. Bc4 Qe7
15. cxd6 cxd6 16. Nd5 Qd8 17. Nb6 Rb8 18. Rhf1 d5 19. Bxd5 Rxf1 20. Rxf1 Qd6 21.
Nc4 Qc5 22. Kb1 Bf8 23. Nb6 Qd6 24. Bg8 Bh6 25. Qf7+ Kd8 26. Nd5 b5 27. Qxh7 1-0

[Event "AUTO-ELITE-2427"]
[Site "http://www.queenalice.com/game.php?id=1794191"]
[Date "2022.8.13"]
[Round "1"]
[White "Sidinei"]
[Black "PauloRPFonseca"]
[Result "0-1"]
[WhiteElo "2669"]
[BlackElo "2410"]

1. e4 c6 2. d4 d5 3. e5 Bf5 4. Nf3 e6 5. Be2 Ne7 6. O-O c5 7. c4 Nbc6 8. dxc5 d4
9. Qb3 Ng6 10. Qxb7 Qc8 11. Qxc8+ Rxc8 12. Nbd2 Bxc5 13. Nb3 d3 14. Bd1 Be7 15.
Re1 Bg4 16. Nbd2 O-O 17. h3 Bxf3 18. Nxf3 Rfd8 19. Bd2 Bb4 20. Bxb4 Nxb4 21. Re4
a5 22. b3 Rc5 23. Kf1 Nc6 24. Ke1 Ngxe5 25. Nxe5 Nxe5 26. Kd2 g5 27. Re3 Kg7 28.
Bf3 a4 29. Rae1 f6 30. Be4 axb3 31. axb3 Ra5 32. Kc3 Ra2 33. Bxd3 Rxf2 34. g4
Ra2 35. Bc2 Rh8 36. c5 Ra3 37. Kb2 Rha8 38. h4 Kh6 39. Re4 Ra2+ 40. Kc3 R2a5 41.
Kb4 Ra2 42. Kc3 R2a5 43. b4 Ra3+ 44. Bb3 gxh4 45. g5+ Kxg5 46. Rg1+ Kh5 0-1

[Event "AUTO-ELITE-2427"]
[Site "http://www.queenalice.com/game.php?id=1794192"]
[Date "2022.8.13"]
[Round "1"]
[White "PauloRPFonseca"]
[Black "Sidinei"]
[Result "0-1"]
[WhiteElo "2412"]
[BlackElo "2692"]

1. c4 e5 2. Nc3 Nf6 3. Nf3 Nc6 4. e3 Bb4 5. Qc2 Bxc3 6. Qxc3 Qe7 7. Be2 O-O 8.
d4 e4 9. Nd2 d5 10. b3 a5 11. h3 Re8 12. O-O Bf5 13. a3 Qd7 14. Re1 Bxh3 15.
gxh3 Qxh3 16. Bb2 Ra6 17. Bf1 Qh5 18. Bg2 Ng4 19. Nf1 Ne7 20. cxd5 Nxd5 21. Qc2
Rg6 22. b4 Ree6 23. Re2 Rg5 24. Qc4 c6 25. Bc1 Nh2 0-1

[Event "AUTO-ELITE-2507"]
[Site "http://www.queenalice.com/game.php?id=1825701"]
[Date "2023.11.21"]
[Round "1"]
[White "Donidon"]
[Black "PauloRPFonseca"]
[Result "0-1"]
[WhiteElo "2185"]
[BlackElo "2423"]

1. e4 c6 2. d4 d5 3. Nc3 dxe4 4. Nxe4 Bf5 5. Bd3 Qxd4 6. Nf3 Qd8 7. Qe2 Bxe4 8.
Bxe4 Nf6 9. Bd3 Qc7 10. O-O e6 11. g3 Nbd7 0-1

[Event "AUTO-ELITE-2507"]
[Site "http://www.queenalice.com/game.php?id=1825702"]
[Date "2023.11.21"]
[Round "1"]
[White "PauloRPFonseca"]
[Black "Donidon"]
[Result "1-0"]
[WhiteElo "2426"]
[BlackElo "2180"]

1. c4 Nf6 2. d4 c5 3. d5 e6 4. Nc3 exd5 5. cxd5 d6 6. e4 g6 7. Nf3 Bg7 8. h3 O-O
9. Bd3 Nbd7 10. O-O Nh5 11. Bg5 1-0

[Event "AUTO-ELITE-2507"]
[Site "http://www.queenalice.com/game.php?id=1825705"]
[Date "2023.11.21"]
[Round "1"]
[White "raulzampronha"]
[Black "PauloRPFonseca"]
[Result "1-0"]
[WhiteElo "2344"]
[BlackElo "2434"]

1. d4 Nf6 2. c4 g6 3. Nc3 d5 4. cxd5 Nxd5 5. e4 Nxc3 6. bxc3 Bg7 7. Bc4 O-O 8.
Ne2 b6 9. O-O Bb7 10. f3 Nc6 11. Be3 Na5 12. Bd3 Qd7 13. Qd2 Qa4 14. Bh6 Nc4 15.
Bxc4 Qxc4 16. Bxg7 Kxg7 17. Rfd1 Rad8 18. Qb2 Rfe8 19. Ng3 Bc8 20. Qb3 Qc6 21.
Kh1 Ba6 22. Rac1 Bc4 23. Qb2 e5 24. Qd2 Qf6 25. Qe3 Bxa2 26. Ra1 Bb3 27. Rdb1
Bc4 28. Rxa7 exd4 29. cxd4 Rxd4 30. Rxc7 Red8 31. Rg1 b5 32. Rb7 Rd1 33. h3 R8d3
34. Qc5 Rxg1+ 35. Kxg1 1-0

[Event "AUTO-ELITE-2507"]
[Site "http://www.queenalice.com/game.php?id=1825706"]
[Date "2023.11.21"]
[Round "1"]
[White "PauloRPFonseca"]
[Black "raulzampronha"]
[Result "1-0"]
[WhiteElo "2429"]
[BlackElo "2279"]

1. c4 Nf6 2. d4 c5 3. d5 e6 4. Nc3 exd5 5. cxd5 d6 6. e4 g6 7. Bd3 Bg7 8. Nf3
O-O 9. h3 b5 10. Bxb5 Nxe4 11. Nxe4 Qa5+ 12. Nfd2 Qxb5 13. Nxd6 Qa6 14. N2c4 Rd8
15. Bf4 Nd7 16. Rc1 Nb6 17. O-O Nxc4 18. Nxc4 Be6 19. Ne3 Qxa2 20. Rxc5 Qxb2 21.
Bc7 Rd7 22. Qf3 1-0